header

Love it, don't leave it (Record no. 57133)

MARC details
000 -LEADER
fixed length control field 01271nam a22003254a 4500
082 04 - DEWEY DECIMAL CLASSIFICATION NUMBER
Classification number 650.1
100 1# - MAIN ENTRY--AUTHOR NAME
Personal name Kaye, Beverly L.
245 10 - TITLE STATEMENT
Title Love it, don't leave it
260 ## - PUBLICATION, DISTRIBUTION, ETC. (IMPRINT)
Place of publication San Francisco :
Name of publisher Berrett-Koehler,
Year of publication c2003.
300 ## - PHYSICAL DESCRIPTION
Number of Pages xvi, 194 p. :
Other physical details ill.
650 #0 - SUBJECT ADDED ENTRY--TOPICAL TERM
Topical Term Job satisfaction.
Topical Term Career development.
Topical Term Quality of work life.
700 1# - ADDED ENTRY--PERSONAL NAME
Personal name Jordan-Evans, Sharon,
856 40 - ELECTRONIC LOCATION AND ACCESS
Uniform Resource Identifier http://site.ebrary.com/lib/rucke/Doc?id=10315460

No items available.

© 2026 Rongo University
Contact us: librarian | system librarian | Rongo university